| 000 | 01152nam a2200373 i 4500 | ||
|---|---|---|---|
| 001 | 444 | ||
| 003 | KOSZ 005 | ||
| 005 | 20210805144109.0 | ||
| 008 | 020718s1974 pl a f f |001 0 pol | ||
| 040 |
_aWA N _cWA N _dKOSZ 005/HR |
||
| 046 | _k1950 | ||
| 080 | _a514.14 | ||
| 080 | _a(075.8) | ||
| 100 | 1 |
_aSzerszeń, Stanisław _d(1899-1975). _eAutor |
|
| 245 | 1 | 0 |
_aNauka o rzutach / _cStanisław Szerszeń. |
| 250 | _aWyd. 9. | ||
| 260 |
_aWarszawa : _bPaństwowe Wydawnictwo Naukowe, _c1974. |
||
| 300 |
_a432 s. : _bil. ; _c24 cm. |
||
| 336 |
_2rdacontent _aTekst _btxt |
||
| 337 |
_2rdamedia _aBez urządzenia pośredniczącego _bn |
||
| 338 |
_2rdacarrier _aWolumin _bnc |
||
| 380 | _aKsiążki | ||
| 380 | _aPublikacje dydaktyczne | ||
| 385 |
_mPoziom nauczania _aSzkoły wyższe |
||
| 388 | _a1901-2000 | ||
| 388 | _a1945-1989 | ||
| 504 | _aIndeks. | ||
| 658 | _aMatematyka | ||
| 655 | 4 | _aPodręczniki akademickie | |
| 650 | 4 | _aGeometria wykreślna | |
| 650 | 4 | _aGeometria rzutowa | |
| 856 |
_uhttp://koha.tu.koszalin.pl/cgi-bin/koha/opac-detail.pl?biblionumber=444 _yKatalog online BPK |
||
| 942 |
_2UKD _cKS |
||
| 999 |
_c444 _d444 |
||